[Event "IECC CL2-2014.05 email"]
[Site "IECC email"]
[Date "2014.12.05"]
[Round "?"]
[White "Martins, Karin"]
[Black "Agulnick, Michael"]
[Result "1-0"]
[WhiteElo "2025"]
[BlackElo "2032"]
[PlyCount "99"]
[EventDate "2014.??.??"]
[EventType "tourn (corr)"]
[EventRounds "4"]
[SourceTitle "Corr 2020"]
[Source "ChessBase"]
[SourceDate "2019.09.30"]
[SourceVersion "1"]
[SourceVersionDate "2019.09.30"]
[SourceQuality "1"]
[WhiteTeam "Germany"]
[BlackTeam "United States"]
[WhiteTeamCountry "GER"]
[BlackTeamCountry "USA"]

1. e4 c5 2. Nf3 e6 3. d4 cxd4 4. Nxd4 Nf6 5. Bd3 Nc6 6. Nxc6 dxc6 7. 0-0 Bd6 8. Bg5 h6 9. Be3 Qc7 10. f4 e5 11. f5 Qe7 12. Nd2 Bc5 13. Qe2 Bxe3+ 14. Qxe3 Bd7 15. Rad1 b6 16. Rf3 0-0 17. Rg3 Kh8 18. Rh3 Rad8 19. Kh1 c5 20. Rg1 Nh7 21. g4 f6 22. Rhg3 b5 23. b3 Rc8 24. h4 Rfd8 25. c4 b4 26. Nf3 Be8 27. g5 fxg5 28. hxg5 Nxg5 29. Nxg5 hxg5 30. Rh3+ Kg8 31. Bc2 Rc6 32. Rxg5 Qf6 33. Rg2 Rd4 34. Rhh2 Rd7 35. Rg4 Bf7 36. Kg1 Be8 37. Rgh4 Kf8 38. Rh8+ Ke7 39. Rg2 Rcc7 40. Qh3 Bf7 41. Rh7 Kd8 42. Rhxg7 Kc8 43. Qe3 Qd6 44. Rh7 Rc6 45. Rgg7 Rcc7 46. Rh6 Qf8 47. Qg5 Kb7 48. Rgh7 Rd8 49. Kf2 Qe8 50. Kg3 1-0

[Event "IECC CL2-2014.02 email"]
[Site "IECC email"]
[Date "2014.06.04"]
[Round "?"]
[White "Agulnick, Michael"]
[Black "Llorente Alvarez, Jose Luis"]
[Result "1/2-1/2"]
[WhiteElo "2032"]
[BlackElo "2120"]
[PlyCount "94"]
[EventDate "2014.??.??"]
[EventType "tourn (corr)"]
[EventRounds "4"]
[SourceTitle "Corr 2020"]
[Source "ChessBase"]
[SourceDate "2019.09.30"]
[SourceVersion "1"]
[SourceVersionDate "2019.09.30"]
[SourceQuality "1"]
[WhiteTeam "United States"]
[BlackTeam "Spain"]
[WhiteTeamCountry "USA"]
[BlackTeamCountry "ESP"]

1. d4 Nf6 2. c4 g6 3. Nc3 d5 4. cxd5 Nxd5 5. e4 Nxc3 6. bxc3 Bg7 7. Bc4 c5 8. Ne2 Nc6 9. Be3 0-0 10. 0-0 Bg4 11. f3 Bd7 12. Rb1 Qc7 13. Qd2 Rad8 14. Rfd1 Na5 15. Bd3 Ba4 16. Rdc1 b6 17. d5 c4 18. Bc2 Bxc2 19. Qxc2 e6 20. dxe6 fxe6 21. Nd4 Qe7 22. Rd1 Rd6 23. e5 Bxe5 24. Qe4 Rd5 25. Nxe6 Rxd1+ 26. Rxd1 Qxe6 27. f4 Re8 28. fxe5 Qxe5 29. Qxe5 Rxe5 30. Bf4 Rf5 31. Bh6 Nc6 32. g4 Rf7 33. Rd6 Rc7 34. Bf4 b5 35. a3 Rc8 36. Rd7 Re8 37. Kf2 a6 38. Rd6 Rc8 39. Ke3 a5 40. Kd2 Rd8 41. Rxd8+ Nxd8 42. Ke3 Kf7 43. Ke4 Ke6 44. Kd4 Nb7 45. h3 h5 46. gxh5 gxh5 47. Bg3 Nd6 1/2-1/2